Elementary circuit properties of transistors (Record no. 23315)

000 -LEADER
fixed length control field 00727nam a22002531 4500
001 - CONTROL NUMBER
control field 23315
003 - CONTROL NUMBER IDENTIFIER
control field BD-DhUET
008 - FIXED-LENGTH DATA ELEMENTS--GENERAL INFORMATION
fixed length control field 730109s1964 nyua b 000 0 eng
040 ## - CATALOGING SOURCE
Original cataloging agency DLC
Transcribing agency DLC
Modifying agency BD-DhUET
082 ## - DEWEY DECIMAL CLASSIFICATION NUMBER
Classification number 623.8151
Item number SEA/19649
100 1# - MAIN ENTRY--PERSONAL NAME
Personal name Searle, Campbell L.
245 10 - TITLE STATEMENT
Title Elementary circuit properties of transistors
250 ## - EDITION STATEMENT
Edition statement 1st ed.
260 ## - PUBLICATION, DISTRIBUTION, ETC. (IMPRINT)
Place of publication, distribution, etc. New York
Name of publisher, distributor, etc. John Wiley & Sons
Date of publication, distribution, etc. 1964
300 ## - PHYSICAL DESCRIPTION
Extent xxi, 306 p.
Other physical details illus
Dimensions 22 cm.
490 ## - SERIES STATEMENT
Series statement Semiconductor electronics education committee books
500 ## - GENERAL NOTE
General note Volume - 3
504 ## - BIBLIOGRAPHY, ETC. NOTE
Bibliography, etc Includes bibliographies
650 #0 - SUBJECT ADDED ENTRY--TOPICAL TERM
Topical term or geographic name as entry element Circuits : Electronics : Engg.
700 ## - ADDED ENTRY--PERSONAL NAME
Personal name Boothroyd, A. R.
700 ## - ADDED ENTRY--PERSONAL NAME
Personal name Angelo, E. J.
700 ## - ADDED ENTRY--PERSONAL NAME
Personal name Gray, Paul E.
942 ## - ADDED ENTRY ELEMENTS (KOHA)
Koha item type General Book
Holdings
Sublocation or collection (holding branch) Not for loan Damaged status Koha normalized classification for sorting Date acquired Price effective from Koha item type Koha full call number Source of classification or shelving scheme Piece designation (barcode) Koha date last seen Location (home branch) Shelving location Withdrawn status Copy number Lost status
Central Library, BUET  623_815100000000000_SEA_19642015-05-032015-05-03General Book623.8151/SEA/1964 357352015-05-03Central Library, BUETCirculation section 1 
Central Library, BUET  623_815100000000000_SEA_19642015-05-032015-05-03General Book623.8151/SEA/1964 357492015-05-03Central Library, BUETCirculation section 2 
Central Library, BUET  623_815100000000000_SEA_19642015-05-042015-05-04General Book623.8151/SEA/1964 162382015-05-04Central Library, BUETCirculation section 3 
Central Library, BUET  623_815100000000000_SEA_19642015-05-042015-05-04General Book623.8151/SEA/1964 125072015-05-04Central Library, BUETCirculation section 4 
Central Library, BUET  623_815100000000000_SEA_19642015-05-042015-05-04General Book623.8151/SEA/1964 278512015-05-04Central Library, BUETCirculation section 5 
Central Library, BUET  623_815100000000000_SEA_19642015-05-042015-05-04General Book623.8151/SEA/1964 435332015-05-04Central Library, BUETCirculation section 6 
Central Library, BUET  623_815100000000000_SEA_19642015-05-042015-05-04General Book623.8151/SEA/1964 450102015-05-04Central Library, BUETCirculation section 7 
Central Library, BUET  623_815100000000000_SEA_19642015-05-042015-05-04General Book623.8151/SEA/1964 357422015-05-04Central Library, BUETCirculation section 8 
Central Library, BUET  623_815100000000000_SEA_19642015-05-042015-05-04General Book623.8151/SEA/1964 335402015-05-04Central Library, BUETCirculation section 9